[Event "TCh-RUS Premier 2025"]
[Site "Sochi RUS"]
[Date "2025.04.26"]
[Round "1.1"]
[White "Najer, Evgeniy"]
[Black "Pingin, Artem"]
[Result "1/2-1/2"]
[WhiteTitle "GM"]
[BlackTitle "IM"]
[WhiteElo "2623"]
[BlackElo "2466"]
[WhiteTeam "Shakhmatnaya sbornaya Moskvy (g. Moskva)"]
[BlackTeam "Sima-Lend (Sverdlovskaya oblast)"]
[WhiteFideId "4118987"]
[BlackFideId "44193645"]
[EventDate "2025.04.26"]

1. e4 c5 2. Nf3 Nc6 3. Nc3 g6 4. Bb5 Bg7 5. d3 Nd4 6. Bc4 e6 7. Nxd4 cxd4 8. Ne2
Ne7 9. Bb3 d5 10. O-O O-O 11. Bg5 dxe4 12. dxe4 h6 13. Bd2 b6 14. Nf4 a5 15. a4
Ba6 16. Re1 Kh7 17. Qf3 Rc8 18. Qh3 Bc4 19. Rad1 Qc7 20. Rc1 Qb7 21. e5 Nd5 22.
Qf3 Bxb3 23. cxb3 Rxc1 24. Rxc1 Rc8 25. Rc4 Bxe5 26. Nxd5 exd5 27. Rxc8 Qxc8 28.
Qxf7+ Bg7 29. h3 Qc2 30. Bf4 Qe2 31. f3 d3 32. Qxd5 g5 33. Qf5+ Kg8 34. Qd5+ Kh8
35. Bd2 Qxd2 36. Qa8+ Kh7 37. Qe4+ Kg8 38. Qe8+ Bf8 39. Qe6+ Kg7 40. Qe5+ Kf7
41. Qf5+ Ke8 42. Qb5+ Kd8 43. Qd5+ Ke7 44. Qe5+ Kd7 45. Qf5+ Kc7 46. Qf7+ Kc6
47. Qe8+ Kd5 48. Qf7+ Ke5 49. Qe8+ Kd5 50. Qf7+ Ke5 1/2-1/2

[Event "TCh-RUS Premier 2025"]
[Site "Sochi RUS"]
[Date "2025.04.26"]
[Round "1.2"]
[White "Kokarev, Dmitry"]
[Black "Riazantsev, Alexander"]
[Result "1-0"]
[WhiteTitle "GM"]
[BlackTitle "GM"]
[WhiteElo "2538"]
[BlackElo "2616"]
[WhiteTeam "Sima-Lend (Sverdlovskaya oblast)"]
[BlackTeam "Shakhmatnaya sbornaya Moskvy (g. Moskva)"]
[WhiteFideId "4132181"]
[BlackFideId "4125029"]
[EventDate "2025.04.26"]

1. e4 c5 2. Nf3 Nc6 3. d4 cxd4 4. Nxd4 e5 5. Nb5 d6 6. c4 g6 7. Bd3 Nf6 8. O-O
Bg7 9. N1c3 a6 10. Na3 Be6 11. Nd5 Nd7 12. Be3 O-O 13. Qd2 Rc8 14. Rac1 f5 15.
Bg5 Qe8 16. exf5 gxf5 17. f4 e4 18. Be2 Qf7 19. Nc2 Bxb2 20. Rb1 Qg7 21. Kh1 b6
22. Ncb4 Bf6 23. Bxf6 Nxf6 24. Nxb6 Rc7 25. Qxd6 Qe7 26. Qxe7 Nxe7 27. Nxa6 Ra7
28. Nc5 Bf7 29. a4 h5 30. Rfd1 h4 31. Kg1 Nh5 32. Bxh5 Bxh5 33. Rd7 Nc6 34. Rxa7
Nxa7 35. Nbd7 1-0

[Event "TCh-RUS Premier 2025"]
[Site "Sochi RUS"]
[Date "2025.04.26"]
[Round "1.3"]
[White "Uskov, Artem"]
[Black "Prokhorov, Aleksey"]
[Result "1/2-1/2"]
[WhiteTitle "IM"]
[BlackTitle "FM"]
[WhiteElo "2489"]
[BlackElo "2258"]
[WhiteTeam "Shakhmatnaya sbornaya Moskvy (g. Moskva)"]
[BlackTeam "Sima-Lend (Sverdlovskaya oblast)"]
[WhiteFideId "34254854"]
[BlackFideId "34394273"]
[EventDate "2025.04.26"]

1. e4 c5 2. Nf3 d6 3. d4 cxd4 4. Nxd4 Nf6 5. Nc3 a6 6. h3 e5 7. Nb3 Be6 8. f4 g6
9. Be2 Nbd7 10. O-O Rc8 11. Be3 Rxc3 12. bxc3 Nxe4 13. Bf3 Nxc3 14. Qd2 Qc7 15.
Nd4 Bg7 16. Nxe6 fxe6 17. fxe5 Nxe5 18. Be2 Ne4 19. Qe1 Qc3 20. Qxc3 Nxc3 21.
Rae1 Rf8 22. Bd4 Nf3+ 23. Bxf3 Bxd4+ 24. Kh1 e5 25. Bxb7 Rxf1+ 26. Rxf1 a5 27.
Rf3 Ke7 28. g4 d5 29. Rxc3 Bxc3 30. Bxd5 Bd4 31. Kg2 h5 32. g5 Bc3 33. h4 Be1
34. Kh3 Bc3 35. a4 Kf8 36. Be4 Kf7 37. Bd5+ Kf8 38. Be4 Kf7 39. Bd5+ Kf8 40. Be4
Kf7 1/2-1/2

[Event "TCh-RUS Premier 2025"]
[Site "Sochi RUS"]
[Date "2025.04.26"]
[Round "1.4"]
[White "Lyutsinger, Iren"]
[Black "Grachev, Boris"]
[Result "0-1"]
[WhiteTitle "FM"]
[BlackTitle "GM"]
[WhiteElo "2266"]
[BlackElo "2585"]
[WhiteTeam "Sima-Lend (Sverdlovskaya oblast)"]
[BlackTeam "Shakhmatnaya sbornaya Moskvy (g. Moskva)"]
[WhiteFideId "34425969"]
[BlackFideId "4129199"]
[EventDate "2025.04.26"]

1. e4 c5 2. Nf3 e6 3. d4 cxd4 4. Nxd4 Nc6 5. Nc3 Qc7 6. g4 a6 7. Be3 b5 8. Nxc6
Qxc6 9. Qd2 h6 10. Rg1 b4 11. Ne2 Qd6 12. Qxd6 Bxd6 13. f4 Bb7 14. Bg2 Be7 15.
e5 Bxg2 16. Rxg2 Bh4+ 17. Kf1 Ne7 18. c4 f6 19. Nc1 fxe5 20. fxe5 Bg5 21. Ke2
Bxe3 22. Kxe3 h5 23. h3 hxg4 24. hxg4 Rc8 25. b3 Rh1 26. a3 bxa3 27. Rga2 Nc6
28. Nd3 Rh3+ 29. Ke4 Rg3 30. Rxa3 a5 31. R3a2 Ke7 32. Rf2 Rh8 33. Raf1 Rxg4+ 34.
Rf4 Rhh4 35. Rxg4 Rxg4+ 36. Rf4 Rg1 37. Rh4 Rb1 38. Rg4 Kf7 39. Rf4+ Kg8 40. Rf2
Rxb3 41. Nc5 Rc3 42. Nxd7 Rxc4+ 43. Ke3 a4 44. Nf8 Rc5 45. Ng6 a3 46. Kf4 Kf7
47. Kg5+ Ke8 48. Rf8+ Kd7 49. Rf7+ Kc8 50. Rf8+ Kb7 51. Rf3 a2 0-1

[Event "TCh-RUS Premier 2025"]
[Site "Sochi RUS"]
[Date "2025.04.26"]
[Round "1.5"]
[White "Popov, Ivan RUS"]
[Black "Dovbnia, Nikita"]
[Result "1/2-1/2"]
[WhiteTitle "GM"]
[BlackTitle "CM"]
[WhiteElo "2613"]
[BlackElo "2080"]
[WhiteTeam "Shakhmatnaya sbornaya Moskvy (g. Moskva)"]
[BlackTeam "Sima-Lend (Sverdlovskaya oblast)"]
[WhiteFideId "4170350"]
[BlackFideId "54104599"]
[EventDate "2025.04.26"]

1. d4 Nf6 2. c4 e6 3. Nf3 Bb4+ 4. Bd2 a5 5. a3 Bxd2+ 6. Qxd2 d6 7. Nc3 Nc6 8. e3
e5 9. dxe5 Nxe5 10. Nd4 O-O 11. Be2 Re8 12. O-O Bd7 13. Rfd1 h6 14. Rac1 Nc6 15.
Ndb5 Ne5 16. f3 Bxb5 17. Nxb5 Qe7 18. e4 b6 19. Nc3 Qd8 20. b4 Qe7 21. Qb2 Red8
22. Rc2 axb4 23. axb4 c6 24. Rcd2 Rd7 25. Qc2 Ra3 26. Na4 Qd8 27. Kh1 c5 28.
bxc5 bxc5 29. Nc3 Qe7 30. Nb5 Ra6 31. Qc3 Rd8 32. Qe3 g5 33. g3 Kg7 34. Qc3 Ng6
35. Bf1 Kg8 36. Bg2 g4 37. Rf1 gxf3 38. Qxf3 Nd7 39. Qe3 Qg5 40. Qe2 Nde5 41.
Nc7 Ra3 42. Nd5 Kg7 43. Rf5 Ra1+ 44. Rd1 Rxd1+ 45. Qxd1 Qg4 46. Qf1 Nf8 47. Nf6
Qg6 48. Bf3 Nfd7 49. Nd5 Qe6 50. Bh5 Ng6 51. Qa1+ Kg8 52. Kg1 Qxe4 53. Nf6+ Nxf6
54. Qxf6 Qd4+ 55. Qxd4 cxd4 56. Rd5 Kf8 57. Rxd4 Ne5 58. Be2 Ke7 59. Rh4 Rh8 60.
Kf2 Kf6 61. Ke3 Ng6 62. Rh5 Re8+ 63. Kd2 Kg7 64. Rd5 Re6 65. Rd4 Kf8 66. Bf3 Rf6
67. Ke3 Ne7 68. Be4 Ng6 69. Bd3 Ne5 70. Be2 Re6 71. Kd2 Rf6 72. Rd5 Ng6 73. Ke3
Re6+ 74. Kf2 Rf6+ 75. Kg2 Ne7 76. Ra5 Nc6 77. Ra6 Nd4 78. Bd3 Nb3 79. Be4 Nc5
80. Ra8+ Kg7 81. Bd5 Nd7 82. Ra6 Ne5 83. h3 Nd3 84. g4 Nb4 85. Rb6 Nxd5 86. cxd5
h5 87. Kg3 hxg4 88. hxg4 Rg6 89. Kf4 Rf6+ 90. Ke4 Rg6 91. g5 Kf8 92. Kf5 Ke7 93.
Rb8 Rg7 94. Rb7+ Ke8 95. Rb6 Ke7 96. Kf4 Rg6 97. Rb7+ Ke8 98. Kf5 Rg7 99. Rb1
Rg6 100. Rh1 Ke7 101. Rh8 Rg7 102. Ra8 Rg6 103. Ra7+ Ke8 104. Kg4 Kf8 105. Kh5
Ke8 106. Ra1 Ke7 107. Re1+ Kf8 108. Rf1 Ke7 109. Rf5 Rg8 110. Kh6 1/2-1/2

[Event "TCh-RUS Premier 2025"]
[Site "Sochi RUS"]
[Date "2025.04.26"]
[Round "1.6"]
[White "Moskvinov, Prokhor"]
[Black "Demidov, Mikhail"]
[Result "0-1"]
[BlackTitle "GM"]
[WhiteElo "1976"]
[BlackElo "2549"]
[WhiteTeam "Sima-Lend (Sverdlovskaya oblast)"]
[BlackTeam "Shakhmatnaya sbornaya Moskvy (g. Moskva)"]
[WhiteFideId "34271457"]
[BlackFideId "4197143"]
[EventDate "2025.04.26"]

1. d4 Nf6 2. c4 e6 3. Nf3 d5 4. Nc3 Nbd7 5. cxd5 exd5 6. Bf4 c6 7. e3 Nh5 8. Bg5
Be7 9. Bxe7 Qxe7 10. Be2 g6 11. O-O O-O 12. a3 a5 13. Qc2 Ng7 14. Rab1 Nb6 15.
Bd3 Bf5 16. Bxf5 Nxf5 17. Na4 Nxa4 18. Qxa4 Nd6 19. Ne5 Kg7 20. Rbc1 f6 21. Nd3
Rfe8 22. Nc5 Qc7 23. Qd1 Re7 24. Qg4 Rae8 25. Qg3 Qd8 26. Rc2 h5 27. Nd3 Nf5 28.
Qf3 Qd7 29. b4 axb4 30. axb4 Nd6 31. Ra1 Qg4 32. Qf4 Ra8 33. Rcc1 Qxf4 34. Nxf4
Ree8 35. Kf1 h4 36. h3 Kf7 37. Ke2 g5 38. Nd3 Ke7 39. Nc5 b6 40. Nb3 Kd7 41. Nd2
Nb5 42. Kd3 Nc7 43. Kc2 Rg8 44. Nf3 Nb5 45. Nh2 Nd6 46. Ng4 Ke6 47. Kd3 Nc4 48.
e4 Rgc8 49. Re1 Kf7 50. exd5 cxd5 51. Ne3 Nxe3 52. fxe3 Rxa1 53. Rxa1 Rc4 54. e4
Ke6 55. Rf1 Rxb4 56. exd5+ Kxd5 57. Rxf6 Rb3+ 58. Ke2 Kxd4 59. Kf2 Ke5 60. Rf8
Kd6 61. Rf6+ Kc7 62. Rf7+ Kc6 63. Rf6+ Kb7 64. Rf7+ Ka6 65. Rf6 Rg3 66. Rf8 Ka5
67. Ra8+ Kb4 68. Ra1 b5 69. Rb1+ Ka4 70. Ra1+ Ra3 71. Re1 b4 72. Re8 Rg3 73.
Ra8+ Kb3 0-1

[Event "TCh-RUS Premier 2025"]
[Site "Sochi RUS"]
[Date "2025.04.26"]
[Round "1.1"]
[White "Grischuk, Alexander"]
[Black "Lazavik, Denis"]
[Result "1/2-1/2"]
[WhiteTitle "GM"]
[BlackTitle "GM"]
[WhiteElo "2682"]
[BlackElo "2577"]
[WhiteTeam "SK KPRF (g. Moskva)"]
[BlackTeam "Respublika Belarus (Respublika Belarus"]
[WhiteFideId "4126025"]
[BlackFideId "13515110"]
[EventDate "2025.04.26"]

1. e4 e5 2. Nf3 Nc6 3. Bb5 a6 4. Ba4 Nf6 5. O-O b5 6. Bb3 Bc5 7. a4 Rb8 8. c3 d6
9. d4 Bb6 10. a5 Ba7 11. h3 Bb7 12. Re1 O-O 13. Be3 exd4 14. cxd4 Nb4 15. Bg5 h6
16. Bh4 c5 17. Nc3 Re8 18. Re3 c4 19. Bc2 Nxc2 20. Qxc2 b4 21. Nd5 g5 22. Nxg5
hxg5 23. Bxg5 Bxd5 24. exd5 Rxe3 25. fxe3 Qe8 26. Bxf6 Qxe3+ 27. Qf2 Qxf2+ 28.
Kxf2 Rb5 29. Rc1 Rxd5 30. Rxc4 Rf5+ 31. Ke3 Rxf6 32. Rc7 Bxd4+ 33. Kxd4 Rf5 34.
Rb7 Rxa5 35. Rxb4 Kf8 36. Rb7 Ra1 37. Kd5 a5 38. Kxd6 a4 39. Ke5 a3 40. bxa3
Rxa3 41. Rb4 Ra5+ 42. Kf6 Ra6+ 43. Kf5 Ra5+ 44. Kf4 Kg7 45. h4 Kg6 46. g4 f6 47.
h5+ Kg7 48. Rb7+ Kh6 49. Rf7 Ra6 50. Kf5 Ra5+ 51. Ke6 Ra6+ 52. Ke7 Ra7+ 53. Kxf6
Ra4 54. g5+ Kxh5 55. Rh7+ Kg4 56. g6 Ra6+ 57. Kf7 Ra7+ 58. Kf6 Ra6+ 1/2-1/2

[Event "TCh-RUS Premier 2025"]
[Site "Sochi RUS"]
[Date "2025.04.26"]
[Round "1.2"]
[White "Nikitenko, Mihail"]
[Black "Artemiev, Vladislav"]
[Result "1/2-1/2"]
[WhiteTitle "GM"]
[BlackTitle "GM"]
[WhiteElo "2516"]
[BlackElo "2679"]
[WhiteTeam "Respublika Belarus (Respublika Belarus"]
[BlackTeam "SK KPRF (g. Moskva)"]
[WhiteFideId "13506862"]
[BlackFideId "24101605"]
[EventDate "2025.04.26"]

1. d4 Nf6 2. c4 e6 3. Nf3 d5 4. Nc3 c6 5. e3 Nbd7 6. Be2 b6 7. O-O Bb7 8. b3 Be7
9. Bb2 O-O 10. Qc2 Qc7 11. Rad1 Rad8 12. Rfe1 h6 13. e4 dxe4 14. Nxe4 Nxe4 15.
Qxe4 Nf6 16. Qe3 c5 17. d5 Ng4 18. Qe4 Nf6 19. Qe3 Ng4 20. Qe4 1/2-1/2

[Event "TCh-RUS Premier 2025"]
[Site "Sochi RUS"]
[Date "2025.04.26"]
[Round "1.3"]
[White "Matlakov, Maxim"]
[Black "Tsaruk, Maksim"]
[Result "1/2-1/2"]
[WhiteTitle "GM"]
[BlackTitle "IM"]
[WhiteElo "2626"]
[BlackElo "2431"]
[WhiteTeam "SK KPRF (g. Moskva)"]
[BlackTeam "Respublika Belarus (Respublika Belarus"]
[WhiteFideId "4168003"]
[BlackFideId "13511173"]
[EventDate "2025.04.26"]

1. c4 e5 2. Nc3 Bb4 3. Nf3 Bxc3 4. dxc3 Nc6 5. e4 d6 6. Bd3 h6 7. Be3 Be6 8. Qe2
Nge7 9. O-O-O Qd7 10. Nd2 O-O-O 11. f3 f5 12. Bc2 Qe8 13. Rhe1 fxe4 14. Nxe4 Qf7
15. b3 g5 16. Kb2 Kb8 17. Rh1 Ng6 18. g3 Rdf8 19. Rdf1 Qg7 20. Rf2 Rf7 21. Qd3
Bf5 22. c5 Rd8 23. cxd6 cxd6 24. g4 Nf4 25. Qd1 d5 26. gxf5 dxe4 27. Rd2 Rxd2
28. Bxd2 Nd3+ 29. Bxd3 exd3 30. Qf1 Rxf5 31. Qxd3 Qf6 32. Rf1 g4 33. f4 exf4 34.
Rxf4 Rxf4 35. Qg3 1/2-1/2

[Event "TCh-RUS Premier 2025"]
[Site "Sochi RUS"]
[Date "2025.04.26"]
[Round "1.4"]
[White "Stribuk, Artiom"]
[Black "Morozevich, Alexander"]
[Result "1/2-1/2"]
[WhiteTitle "IM"]
[BlackTitle "GM"]
[WhiteElo "2433"]
[BlackElo "2656"]
[WhiteTeam "Respublika Belarus (Respublika Belarus"]
[BlackTeam "SK KPRF (g. Moskva)"]
[WhiteFideId "13515659"]
[BlackFideId "4116992"]
[EventDate "2025.04.26"]

1. c4 g6 2. g3 Bg7 3. Bg2 Nf6 4. Nc3 O-O 5. d4 d6 6. Nf3 c5 7. O-O Nc6 8. d5 Na5
9. Nd2 e6 10. Rb1 exd5 11. cxd5 Bf5 12. e4 Bg4 13. Qc2 Rc8 14. b3 a6 15. h3 Bd7
16. Bb2 b5 17. Rfe1 Re8 18. Ba1 b4 19. Ne2 Bb5 20. Nc4 Bxc4 21. bxc4 Nd7 22.
Bxg7 Kxg7 23. a3 Ne5 24. axb4 Naxc4 25. Qc3 Qb6 26. Rec1 Rb8 27. bxc5 Qxc5 28.
Ra1 Rb6 29. Qd4 Qxd4 30. Nxd4 Nd2 31. Rc2 Nec4 32. Nc6 Nb3 33. Raa2 Ne5 34. Nxe5
dxe5 35. Bf1 Nd4 36. Rc1 Ra8 37. Rca1 Rb4 38. Kg2 Nb3 39. Rxa6 Rxa6 40. Rxa6 1/2-1/2

[Event "TCh-RUS Premier 2025"]
[Site "Sochi RUS"]
[Date "2025.04.26"]
[Round "1.5"]
[White "Ponkratov, Pavel"]
[Black "Zarubitski, Viachaslau"]
[Result "1/2-1/2"]
[WhiteTitle "GM"]
[BlackTitle "IM"]
[WhiteElo "2547"]
[BlackElo "2398"]
[WhiteTeam "SK KPRF (g. Moskva)"]
[BlackTeam "Respublika Belarus (Respublika Belarus"]
[WhiteFideId "4157800"]
[BlackFideId "13509373"]
[EventDate "2025.04.26"]

1. Nf3 c5 2. e4 g6 3. c4 Nc6 4. d4 cxd4 5. Nxd4 Bg7 6. Be3 Qb6 7. Nb3 Qd8 8. Qd2
Nf6 9. f3 O-O 10. Nc3 d6 11. Rc1 Be6 12. Be2 Nd7 13. O-O a5 14. Na1 a4 15. Nc2
Bxc3 16. Qxc3 Qa5 17. Qxa5 Rxa5 18. Rfd1 f6 19. Bd2 Ra7 20. Ne3 Rb8 21. Nd5 b6
22. Be1 Nc5 23. Rc3 Kf7 24. Ra3 Rbb7 25. Kf2 Ne5 26. Ke3 Bd7 27. Rc1 g5 28. g3
b5 29. cxb5 Bxb5 30. Bxb5 Rxb5 31. b4 e6 32. bxc5 exd5 33. exd5 Rxc5 34. Rxc5
dxc5 35. Ke2 Ke7 36. f4 gxf4 37. gxf4 Ng6 38. Kd3 Kd6 39. f5 Nf4+ 40. Kc4 Re7
41. Bg3 Re4+ 42. Kb5 Rb4+ 43. Ka5 Kxd5 44. Rxa4 Nd3 45. Rxb4 cxb4 46. Kb5 Nc1
47. Kxb4 Nxa2+ 48. Kb3 Nc1+ 49. Kc2 Ne2 50. Bc7 Ke4 51. Bd8 Kxf5 52. Kd3 Nf4+
53. Ke3 Kg4 54. Kf2 f5 55. Bc7 Nh3+ 56. Ke3 Ng5 57. Kf2 Ne4+ 58. Ke3 Ng5 59. Kf2
Ne6 60. Bd6 f4 61. Bb8 Ng5 62. Bc7 Ne4+ 63. Ke2 h5 64. Bb8 Ng5 65. Kf2 Ne4+ 66.
Ke2 h4 67. Bc7 h3 68. Bxf4 Kxf4 69. Kf1 Ke5 1/2-1/2

[Event "TCh-RUS Premier 2025"]
[Site "Sochi RUS"]
[Date "2025.04.26"]
[Round "1.6"]
[White "Aleksandrov, Aleksej"]
[Black "Malakhov, Vladimir"]
[Result "1/2-1/2"]
[WhiteTitle "GM"]
[BlackTitle "GM"]
[WhiteElo "2386"]
[BlackElo "2642"]
[WhiteTeam "Respublika Belarus (Respublika Belarus"]
[BlackTeam "SK KPRF (g. Moskva)"]
[WhiteFideId "13500139"]
[BlackFideId "4120787"]
[EventDate "2025.04.26"]

1. d4 d5 2. c4 c6 3. cxd5 cxd5 4. Nc3 Nf6 5. Bf4 Nc6 6. e3 e6 7. Bd3 Be7 8. h3
O-O 9. Nf3 Bd6 10. O-O Bxf4 11. exf4 Qd6 12. Ne5 Bd7 13. Rc1 Qb4 14. a3 Qxb2 15.
Nxd7 Nxd7 16. Nb5 a6 17. Rb1 Qa2 18. Ra1 Qb2 19. Rb1 Qa2 20. Ra1 1/2-1/2

[Event "TCh-RUS Premier 2025"]
[Site "Sochi RUS"]
[Date "2025.04.26"]
[Round "1.1"]
[White "Zemlyanskii, Ivan"]
[Black "Lobanov, Sergei"]
[Result "1/2-1/2"]
[WhiteTitle "GM"]
[BlackTitle "GM"]
[WhiteElo "2563"]
[BlackElo "2519"]
[WhiteTeam "Moskovskaya oblast (Moskovskaya oblast)"]
[BlackTeam "SShOR po shakhmatam i shashkam (g. Sankt-Pe"]
[WhiteFideId "24249971"]
[BlackFideId "24183750"]
[EventDate "2025.04.26"]

1. d4 d5 2. c4 e6 3. Nc3 Nf6 4. cxd5 exd5 5. Bg5 c6 6. e3 Bf5 7. Qf3 Bg6 8. Bxf6
Qxf6 9. Qxf6 gxf6 10. h4 h5 11. Rd1 Nd7 12. Bd3 a5 13. Nge2 Bd6 14. e4 dxe4 15.
Nxe4 Bc7 16. Rh3 Kf8 17. Rf3 Kg7 18. N2g3 Rhe8 19. Kf1 Re6 20. Nf5+ Kf8 21. Nc3
Rd8 22. Ng3 Bxd3+ 23. Rfxd3 Bxg3 24. Rxg3 Nb6 25. Rf3 Red6 26. Ne2 Kg7 27. Rb3
c5 28. g3 Nc4 29. Nf4 b6 30. d5 Kh6 31. a4 Ne5 32. Ke2 Ng6 33. Ng2 Ne7 34. Ne3
Kg6 35. Nc4 Rxd5 36. Rxd5 Nxd5 37. Rd3 Re8+ 38. Kf3 Nb4 39. Rd6 Nc2 40. Kg2 Re4
41. Nxb6 Nd4 42. Nd5 Ne6 43. b3 c4 44. Ne7+ Kh7 45. bxc4 Rxc4 46. Rd5 Rc5 47.
Rd3 f5 48. f4 Kg7 49. Rd2 Kf6 50. Nd5+ Kg6 51. Ne3 Rc3 52. Kf2 Ra3 53. Rd5 Rxa4
54. Nxf5 Nxf4 55. Ne7+ Kf6 56. gxf4 Kxe7 57. Kf3 Ra3+ 58. Ke4 Kf6 1/2-1/2

[Event "TCh-RUS Premier 2025"]
[Site "Sochi RUS"]
[Date "2025.04.26"]
[Round "1.2"]
[White "Shubin, Kirill"]
[Black "Sjugirov, Sanan"]
[Result "0-1"]
[WhiteTitle "IM"]
[BlackTitle "GM"]
[WhiteElo "2442"]
[BlackElo "2627"]
[WhiteTeam "SShOR po shakhmatam i shashkam (g. Sankt-Pe"]
[BlackTeam "Moskovskaya oblast (Moskovskaya oblast)"]
[WhiteFideId "34119962"]
[BlackFideId "4189302"]
[EventDate "2025.04.26"]

1. e4 e5 2. Nf3 Nc6 3. Bc4 Bc5 4. c3 Nf6 5. d3 O-O 6. O-O d6 7. Bg5 h6 8. Bh4 g5
9. Bg3 a6 10. a4 Ba7 11. Nbd2 Nh7 12. Kh1 Kh8 13. b4 h5 14. h3 h4 15. Bh2 g4 16.
hxg4 Bxg4 17. Qe1 h3 18. gxh3 Bxh3 19. Rg1 Qf6 20. b5 Na5 21. Ba2 Rg8 22. d4
Rxg1+ 23. Nxg1 Bg4 24. f3 Be6 25. Bxe6 Qxe6 26. dxe5 dxe5 27. Qg3 f6 28. f4 Rg8
29. Qf3 exf4 30. Qxf4 Nc4 31. Nxc4 Qxc4 32. Qf3 axb5 33. axb5 Bxg1 34. Rxg1
Rxg1+ 35. Bxg1 Qxb5 36. Qg4 Ng5 37. Qc8+ Kg7 38. Qxc7+ Kg6 39. Qc8 Qf1 40. Qe8+
Kh6 41. Qh8+ Kg6 42. Qe8+ Kg7 43. Qd7+ Kh6 44. Qg4 Qe1 0-1

[Event "TCh-RUS Premier 2025"]
[Site "Sochi RUS"]
[Date "2025.04.26"]
[Round "1.3"]
[White "Iljiushenok, Ilia"]
[Black "Levin, Evgeny A."]
[Result "1-0"]
[WhiteTitle "GM"]
[BlackTitle "GM"]
[WhiteElo "2506"]
[BlackElo "2458"]
[WhiteTeam "Moskovskaya oblast (Moskovskaya oblast)"]
[BlackTeam "SShOR po shakhmatam i shashkam (g. Sankt-Pe"]
[WhiteFideId "24105074"]
[BlackFideId "4182596"]
[EventDate "2025.04.26"]

1. e4 e6 2. d4 d5 3. e5 c5 4. c3 Nc6 5. Nf3 Bd7 6. Be2 Nge7 7. O-O Nf5 8. dxc5
a5 9. a4 Bxc5 10. Bd3 h6 11. h3 O-O 12. Bf4 Nh4 13. Nbd2 Nxf3+ 14. Nxf3 f6 15.
exf6 Qxf6 16. Bg3 Be8 17. Qb3 b6 18. Rae1 Ra7 19. Qc2 Re7 20. Bb5 Nd8 21. Be5
Qf7 22. Nd4 Bxb5 23. axb5 Qe8 24. Qd3 Nf7 25. Nc6 Rb7 26. Bg3 Qd7 27. Re2 Ng5
28. Rd1 Qf7 29. b4 axb4 30. cxb4 Be7 31. f3 Bf6 32. Rde1 Re8 33. Bf2 Nh7 34. f4
Nf8 35. f5 Qd7 36. Bd4 Bxd4+ 37. Nxd4 e5 38. Rxe5 Rxe5 39. Rxe5 Qd6 40. Nc6 d4
41. Qc4+ Kh7 42. Rd5 Qf4 43. Qxd4 Qc1+ 44. Kh2 Kg8 45. Rd8 Rf7 46. Qd5 Qf4+ 47.
Kg1 Qe3+ 48. Kf1 Qg5 49. Ke2 Kh7 50. Qxf7 Qxg2+ 51. Ke1 Qg1+ 52. Kd2 Qf2+ 53.
Kc3 Qe1+ 54. Kb2 Qe2+ 55. Ka3 Qe3+ 56. Qb3 Qc1+ 57. Ka2 1-0

[Event "TCh-RUS Premier 2025"]
[Site "Sochi RUS"]
[Date "2025.04.26"]
[Round "1.4"]
[White "Zubritskiy, Artyom"]
[Black "Popov, Konstantin"]
[Result "0-1"]
[WhiteTitle "IM"]
[BlackTitle "FM"]
[WhiteElo "2431"]
[BlackElo "2363"]
[WhiteTeam "SShOR po shakhmatam i shashkam (g. Sankt-Pe"]
[BlackTeam "Moskovskaya oblast (Moskovskaya oblast)"]
[WhiteFideId "4181247"]
[BlackFideId "34137910"]
[EventDate "2025.04.26"]

1. Nf3 Nf6 2. c4 e6 3. Nc3 d5 4. e3 c5 5. d4 a6 6. cxd5 exd5 7. dxc5 Bxc5 8. Be2
Nc6 9. O-O O-O 10. b3 Bg4 11. Bb2 Qd6 12. Nd4 Bxd4 13. Bxg4 Be5 14. h3 Rad8 15.
f4 Bxc3 16. Bxc3 Rfe8 17. Bxf6 Qxf6 18. Qd2 d4 19. exd4 Nxd4 20. Rae1 Rxe1 21.
Qxe1 g6 22. f5 g5 23. Kh1 Kg7 24. Qe4 Rd7 25. Qe8 Rd8 26. Qe4 b6 27. b4 Rd7 28.
Qd3 b5 29. Rd1 Rd6 30. Rf1 Nc6 31. Qb3 Ne5 32. Bd1 Rd4 33. Be2 Rd2 34. Bh5 Nd3
35. Bf3 Nf2+ 36. Kh2 Qe5+ 37. Kg1 Nxh3+ 38. Kh1 Nf2+ 39. Kg1 Nh3+ 40. Kh1 Nf4
41. Rc1 Nd3 42. Qc3 Qxc3 43. Rxc3 g4 0-1

[Event "TCh-RUS Premier 2025"]
[Site "Sochi RUS"]
[Date "2025.04.26"]
[Round "1.5"]
[White "Parpiev, Isaak"]
[Black "Zakharov, Alexey O."]
[Result "0-1"]
[WhiteTitle "CM"]
[WhiteElo "2380"]
[BlackElo "2166"]
[WhiteTeam "Moskovskaya oblast (Moskovskaya oblast)"]
[BlackTeam "SShOR po shakhmatam i shashkam (g. Sankt-Pe"]
[WhiteFideId "34281576"]
[BlackFideId "34309926"]
[EventDate "2025.04.26"]

1. d4 Nf6 2. c4 e6 3. Nc3 Bb4 4. e3 b6 5. Ne2 Ne4 6. f3 Nxc3 7. bxc3 Be7 8. e4
Nc6 9. Be3 Na5 10. Nc1 Ba3 11. Nb3 Bb2 12. Rb1 Bxc3+ 13. Kf2 O-O 14. Qc2 Bb4 15.
Nxa5 Bxa5 16. Bd3 d6 17. e5 h6 18. h4 Bb7 19. g4 dxe5 20. dxe5 Qe7 21. g5 h5 22.
Rhd1 Rad8 23. c5 Bd5 24. Kg3 Rd7 25. f4 g6 26. Be2 c6 27. a4 Rb8 28. Kf2 Qd8 29.
Rg1 Kg7 30. Rgd1 Rdb7 31. Ba6 Rd7 32. Be2 Qc7 33. Rg1 Rdd8 34. Rgd1 Kg8 35. Kg3
Kg7 36. Bd4 Qe7 37. Kh3 Rh8 38. Rg1 Qd7 39. Rgd1 Rhd8 40. Kh2 Qe8 41. Kg3 Rdc8
42. Rf1 Kg8 43. Kh2 Qd7 44. Be3 Kg7 45. Rg1 b5 46. axb5 cxb5 47. Rbd1 Qc6 48.
Qb2 Bc7 49. Kg3 a5 50. Kf2 b4 51. Rxd5 Qxd5 52. Rd1 Qe4 53. Qb3 Rd8 54. Rd6 Qh1
55. Bd2 Qh2+ 56. Kf1 Qh1+ 57. Kf2 a4 58. Qg3 b3 59. f5 b2 60. fxe6 b1=Q 0-1

[Event "TCh-RUS Premier 2025"]
[Site "Sochi RUS"]
[Date "2025.04.26"]
[Round "1.6"]
[White "Puzyrevsky, Semyon"]
[Black "Lisenkov, Svyatoslav"]
[Result "1-0"]
[WhiteTitle "FM"]
[BlackTitle "CM"]
[WhiteElo "2253"]
[BlackElo "2241"]
[WhiteTeam "SShOR po shakhmatam i shashkam (g. Sankt-Pe"]
[BlackTeam "Moskovskaya oblast (Moskovskaya oblast)"]
[WhiteFideId "24240931"]
[BlackFideId "34264183"]
[EventDate "2025.04.26"]

1. e4 c5 2. Nf3 d6 3. d4 cxd4 4. Nxd4 Nf6 5. Nc3 a6 6. Be3 e5 7. Nb3 Be6 8. f3
h5 9. Qd2 Nbd7 10. O-O-O Be7 11. Kb1 Rc8 12. Bd3 b5 13. h3 h4 14. f4 Qc7 15.
Rhe1 b4 16. Nd5 Bxd5 17. exd5 Nxd5 18. fxe5 Nxe5 19. Bg5 Rb8 20. Bxa6 Nf6 21.
Nd4 Qa5 22. Bxf6 gxf6 23. Qe2 Rg8 24. Bc4 Rg5 25. Nf3 Rg3 26. Nxh4 Ra8 27. Rd5
Qc7 28. Nf5 Rg5 29. g4 Nxc4 30. Qxe7+ Qxe7 31. Rxe7+ Kf8 32. Rc7 Re8 33. a3 Ne3
34. Nxe3 Rxe3 35. Rxg5 fxg5 36. axb4 Rxh3 37. b5 Kg7 38. b6 Rh8 39. b7 Rb8 40.
c4 Kg6 41. b4 f5 42. gxf5+ Kf6 43. c5 g4 44. c6 g3 45. Rd7 1-0